000
00314nam a2200133Ia 4500
005
20260326100037.0
008
260326s9999||||xx |||||||||||||| ||und||
100
_a
Schapiro, Meyer
245
0
_a
Estilo /
_c
Meyer Schapiro
260
_b
Ediciones 3
300
_a
72 p.
650
_a
ARQUITECTURA-GENERAL
942
_c
BK
999
_c
6837
_d
6837